书目信息 |
| 题名: |
水处理生物学
|
|
| 作者: | 顾夏声, 编著 | |
| 分册: | ||
| 出版信息: | 北京 中国建筑工业出版社 2011 |
|
| 页数: | 12, 404页 | |
| 开本: | 23cm | |
| 丛书名: | 普通高等教育土建学科专业“十二五”规划教材 | |
| 单 册: | ||
| 中图分类: | TU991.2 | |
| 科图分类: | ||
| 主题词: | 水处理--shui chu li--生物处理--高等学校--教材 | |
| 电子资源: | ||
| ISBN: | 978-7-112-13841-8 | |
| 000 | 01353nam 2200277 450 | |
| 001 | 0100004265 | |
| 005 | 20201102160647.32 | |
| 010 | @a978-7-112-13841-8@dCNY49.00 | |
| 100 | @a20120211d2011 em y0chiy0121 ea | |
| 101 | 0 | @achi |
| 102 | @aCN@b110000 | |
| 105 | @aak a 000yy | |
| 200 | 1 | @a水处理生物学@Ashui chu li sheng wu xue@f顾夏声 ... [等] 编著 |
| 205 | @a第5版 | |
| 210 | @a北京@c中国建筑工业出版社@d2011 | |
| 215 | @a12, 404页@c图@d23cm | |
| 225 | 2 | @a普通高等教育土建学科专业“十二五”规划教材@Apu tong gao deng jiao yu tu jian xue ke zhuan ye“shi er wu”gui hua jiao cai |
| 300 | @a高等学校给水排水工程专业指导委员会规划推荐教材 | |
| 320 | @a有书目 (第400-402页) | |
| 330 | @a本书分4篇,共17章,第1篇为水处理生物学基础,包括原核微生物、古菌、病毒、微生物的生理特征、微生物的生态、大型水生植物等;第2篇为污染物的生物分解与转化,包括微生物对污染物的分解与转化、水生植物的水质净化作用及其应用等;第3篇为水质安全与生物监测,包括水卫生生物学、水中有害生物的控制、水质安全的生物检测;第4篇为微生物学的研究方法,包括微生物的基本研究方法、微生物学基础实验。 | |
| 410 | 0 | @12001 @a普通高等教育土建学科专业“十二五”规划教材 |
| 606 | 0 | @a水处理@Ashui chu li@x生物处理@x高等学校@j教材 |
| 690 | @aTU991.2@v4 | |
| 701 | 0 | @a顾夏声,@AGu Xiasheng@f1918-2012@4编著 |
| 801 | 0 | @aCN@c20150827 |
| 905 | @a河南城建学院图书馆@dTU991.2@eG516=5 | |
| 水处理生物学/顾夏声 ... [等] 编著.-第5版.-北京:中国建筑工业出版社,2011 |
| 12, 404页:图;23cm.-(普通高等教育土建学科专业“十二五”规划教材) |
| 高等学校给水排水工程专业指导委员会规划推荐教材 |
| ISBN 978-7-112-13841-8:CNY49.00 |
| 本书分4篇,共17章,第1篇为水处理生物学基础,包括原核微生物、古菌、病毒、微生物的生理特征、微生物的生态、大型水生植物等;第2篇为污染物的生物分解与转化,包括微生物对污染物的分解与转化、水生植物的水质净化作用及其应用等;第3篇为水质安全与生物监测,包括水卫生生物学、水中有害生物的控制、水质安全的生物检测;第4篇为微生物学的研究方法,包括微生物的基本研究方法、微生物学基础实验。 |
| ● |
| 相关链接 |
|
|
|
正题名:水处理生物学
索取号:TU991.2/G516=5
 
预约/预借
| 序号 | 登录号 | 条形码 | 馆藏地/架位号 | 状态 | 备注 |
| 1 | 0529738 | 205297383 | 社科二线422/201建筑库 131排1列4层/ [索取号:TU991.2/G516=5] | 在馆 | |
| 2 | 1177728 | 211777282 | 建筑库201/201建筑库 131排1列4层/ [索取号:TU991.2/G516=5] | 在馆 | |
| 3 | 1177729 | 211777291 | 市政与环境工程学院资料室/ [索取号:TU991.2/G516=5] | 在馆 | |
| 4 | 1177730 | 211777308 | 建筑库201/201建筑库 131排1列4层/ [索取号:TU991.2/G516=5] | 在馆 | |
| 5 | 1349933 | 213499338 | 建筑库201/201建筑库 131排1列4层/ [索取号:TU991.2/G516=5] | 在馆 | |
| 6 | 1499088 | 214990884 | 建筑库201/201建筑库 131排1列5层/ [索取号:TU991.2/G516=5] | 在馆 | |
| 7 | 1500271 | 215002716 | 建筑库201/201建筑库 131排1列5层/ [索取号:TU991.2/G516=5] | 在馆 | |
| 8 | 1500272 | 215002725 | 建筑库201/201建筑库 134排1列5层/ [索取号:TU991.2/G516=5] | 在馆 | |
| 9 | 1501782 | 215017826 | 建筑库201/201建筑库 131排1列4层/ [索取号:TU991.2/G516=5] | 在馆 |